000 00321nam a2200109Ia 4500
005 20251222114407.0
008 251222s1900||||xx |||||||||||||| ||spa||
082 _aDVD0093/J92O/2006
245 0 _aObras salesianas en el PerĂº: oratorios, centros ocupacionales y misiones.
264 _bFajardo Olivares, Walter
942 _cDVD
999 _c1866
_d1866